| 000 | 00685nam a22002297a 4500 | ||
|---|---|---|---|
| 005 | 20170124110119.0 | ||
| 010 | _a674391 | ||
| 020 | _c00.00 | ||
| 035 | _a674391 | ||
| 037 | _bCen Lib/Ret | ||
| 040 |
_aDPL _bEN |
||
| 082 |
_a921 _bMAC |
||
| 100 |
_aMacmillan, Harold _99024 |
||
| 245 |
_aThe blast of war, 1939-1945 / _cby Harold Macmillan |
||
| 260 |
_aLondon _bMacmillan _c1967 |
||
| 270 |
_aLittle Essex Street _bLondon |
||
| 300 |
_axvi,765p. : _c22cm(Hb) _bill. |
||
| 500 | _aIncludes index | ||
| 650 |
_aWorld War, 1939-1945 -- Great Britain _930356 |
||
| 650 |
_aGuerre mondiale, 1939-1945 -- Grande-Bretagne _930357 |
||
| 942 |
_2ddc _cEN _h921 _mMAC |
||
| 999 |
_c130892 _d130892 |
||